| 000 | 00485nam a2200169Ia 4500 | ||
|---|---|---|---|
| 003 | GCL | ||
| 008 | 140319s9999 xx 000 0 eng d | ||
| 040 |
_aGCL / _cGCL |
||
| 082 | 0 | 4 |
_a428.2 _bC S |
| 100 | 1 | _aCOMFORT, JEREMY REVELL. ROD STATT, CHRIS | |
| 245 | 1 | 0 |
_aSPEAKING EFFECTIVELY / _cCOMFORT, JEREMY REVELL. ROD STATT, CHRIS |
| 260 |
_a[S.N] : _bCOMBRIDGE UNIVERSITY PRESS |
||
| 300 | _a126 P P | ||
| 650 | 0 | 4 | _aBUSINESS ENGLISH |
| 650 | 0 | 4 | _aENGLISH LANGUAGE |
| 942 |
_2ddc _cBK |
||
| 999 |
_c17560 _d17560 |
||